Моделирование работы микромеханического гироскопа на системном уровне; XX Санкт-Петербургская международная конференция поинтегрированным навигационным системам

Detalles Bibliográficos
Parent link:XX Санкт-Петербургская международная конференция поинтегрированным навигационным системам.— 2013.— С. 140-144
Otros Autores: Нестеренко Т. Г. Тамара Георгиевна, Барбин Е. С. Евгений Сергеевич, Коледа А. Н. Алексей Николаевич, Колчужин В. А.
Sumario:В фонде НТБ ТПУ отсутствует
Lenguaje:ruso
Publicado: 2013
Materias:
Formato: Capítulo de libro
KOHA link:https://koha.lib.tpu.ru/cgi-bin/koha/opac-detail.pl?biblionumber=601540

MARC

LEADER 00000naa0a2200000 4500
001 601540
005 20250829133322.0
035 |a (RuTPU)RU\TPU\tpu\26444 
090 |a 601540 
100 |a 20141225d2013 k y0rusy50 ca 
101 0 |a rus 
102 |a RU 
200 1 |a Моделирование работы микромеханического гироскопа на системном уровне  |f Т. Г. Нестеренко [и др.] 
333 |a В фонде НТБ ТПУ отсутствует 
463 1 |t XX Санкт-Петербургская международная конференция поинтегрированным навигационным системам  |o сборник материалов, 27-29 мая 2013 г., г. Санкт-Петербург  |v С. 140-144  |d 2013 
610 1 |a труды учёных ТПУ 
701 1 |a Нестеренко  |b Т. Г.  |c специалист в области машиностроения  |c доцент Томского политехнического университета, кандидат технических наук  |f 1946-  |g Тамара Георгиевна  |3 (RuTPU)RU\TPU\pers\26585  |9 12268 
701 1 |a Барбин  |b Е. С.  |c специалист в области точного приборостроения  |c инженер Томского политехнического университета  |f 1988-  |g Евгений Сергеевич  |3 (RuTPU)RU\TPU\pers\29889  |9 14361 
701 1 |a Коледа  |b А. Н.  |c специалист в области приборостроения  |c инженер Томского политехнического университета  |f 1985-  |g Алексей Николаевич  |3 (RuTPU)RU\TPU\pers\31206  |9 15402 
701 1 |a Колчужин  |b В. А. 
801 1 |a RU  |b 63413507  |c 20141225 
942 |c BK